| 000 | 01138nam a2200277Ia 4500 | ||
|---|---|---|---|
| 003 | OSt | ||
| 005 | 20221005110016.0 | ||
| 006 | a|||||r|||| 00| 0 | ||
| 007 | ta | ||
| 008 | 221004b |||||||| |||| 00| 0 hin d | ||
| 020 |
_a8126017066 (hbk) _c750 |
||
| 024 | _a91973 | ||
| 037 |
_b522, 15/03/2009, Vani Prakashan _cTextual |
||
| 040 |
_aCRL _cCRL _bhin |
||
| 041 |
_2hin _ahin |
||
| 082 | _aO158,3N42,JT, 152P6 | ||
| 100 | _aगोस्वामी, इन्दिरा | ||
| 245 | 0 | _aजंग लगी तलवार और दो लघु उपन्यास | |
| 246 | _aJanga lagī talavār aur do laghu upanyāsa | ||
| 260 |
_aनई दिल्ली _bसाहित्य अकादेमी भारत _c2006 |
||
| 300 |
_a215पृ0 _ccm. |
||
| 650 | _aअसमी कहानी | ||
| 700 | _a गोस्वामी, पापोरी, अनु. | ||
| 942 |
_hO158,3N42,JT, 152P6 _cTEXL _2cc |
||
| 999 |
_c1017510 _d1017510 |
||